Movies Quiz

Random Movies Quiz

Sylvester Stallone Movies Quiz Stats

 Plays Quiz not verified by Sporcle

Score 0/43 Timer 12:00
0 Plays Today
Year Movie % Correct
1976Rocky
96.4%
2008Rambo
96.1%
1979Rocky II
93.9%
1982Rocky III
93.6%
1985Rocky IV
93.6%
1990Rocky V
92.9%
2006Rocky Balboa
86.1%
1982First Blood
85.7%
1985Rambo: First Blood Part II
84.3%
1988Rambo III
81.4%
2010The Expendables
68.9%
1993Demolition Man
64.6%
1993Cliffhanger
62.9%
1986Cobra
56.4%
1989Tango & Cash
56.1%
1995Judge Dredd
56.1%
1992Stop Or My Mom Will Shoot
53.6%
1997Cop Land
52.1%
1987Over the Top
47.9%
1996Daylight
45.4%
1994The Specialist
41.4%
2000Get Carter
40.4%
Year Movie % Correct
1995Assassins
40%
1991Oscar
37.5%
1989Lock Up
37.1%
1975Death Race 2000
36.4%
1998*Antz
34.3%
1981Nighthawks
30.7%
1978F.I.S.T.
29.6%
2001Driven
28.9%
1984Rhinestone
26.8%
2003Spy Kids 3-D: Game Over
26.8%
1974The Lords of Flatbush
23.2%
1978Paradise Alley
22.9%
1981Victory
21.4%
2002D-Tox
20.4%
1970The Party at Kitty and Stud's
18.9%
2002Avenging Angelo
17.9%
1975Capone
17.1%
2003Shade
15.4%
1975Farewell, My Lovely
13.9%
1970No Place to Hide
12.1%
1997The Good Life
9.3%

You're not logged in!

Compare scores with friends on all Sporcle quizzes.
OR
Log In

You Might Also Like...

Show Comments

Extras

Top Quizzes Today


Score Distribution

Your Account Isn't Verified!

In order to create a playlist on Sporcle, you need to verify the email address you used during registration. Go to your Sporcle Settings to finish the process.

Report this User

Report this user for behavior that violates our Community Guidelines.

Details: